00701nam a2200265 a 4500001001300000003000900013005001700022008004100039020001000080082001600090100001800106245002800124260002800152300000900180500003500189505000900224650001600233650002000249650002100269700001800290902000800308942000700316952009700323999001500420nice12345678IN_TiNIC20260116012344.0050524s1970 dela grp 000 0 eng  ac10000a297.93bHOF aHofman, David aRenewal of Civilization aDelhibBahri Pub.c1970 a122p aincludes index and biblioraphy2 aMaps aBahai Faith aReligions-Bahai aHeresies-Islamic1 aHofman, David bSRS cBK 00104070aHMIbHMId2007-07-02g100.00l0o297.93 HOFp011545r2007-07-02w2026-01-16yEB c6677d6677